000 00704nam a22002057a 4500
005 20251108172146.0
008 250721s1996 xx 000 0 ara d
082 1 4 _a664.8/منش
100 1 _aالمنشئ، حميد صادق
245 1 0 _aكيف تصنعين المخللات و المربيات و تجمدين الفواكه و الخضروات عبر الفصول /
264 1 _aعمان :
_bدار الإسراء للنشر و التوزيع،
_c1996.
300 _a72ص
490 0 _aلك سيدتي
650 1 7 _aصناعة الأغذية
650 1 7 _aالتعليب
650 1 7 _aالحفظ
700 1 _aعبد الكريم، سعد رسول
942 _2ddc
_cBK
999 _c71895
_d71895